00673nam a2200169 a 450000100100000000500170001000800410002704000250006808200160009310000460010924500680015526000360022330000210025959000260028095201800030699900170048600004906120240306073904.0190716s1979 dr r 000 0 spa d aDO-SdBNPbspacBNPHU axxxxbA385f1 aAlfau Durán, Vetilio,d1909-198591009113aEl fundador de San Pedro de Macorís /cVetilio Alfau Durán. aSanto Domingo :bTaller,c1979. a92 cm. ;c23 cm. aInventariado, 2019/BT 0010718PDaPDbPDcHDd2019-07-16iLF1l0oxxxx A385fp49062-10r2020-06-25w2020-06-25yLFPDzPerteneció a la biblioteca personal de la familia Reyes Duluc.ZNo se presta c48549d48549